00504 2200181 4500001002100000005001500021008004100036020002200077035001900099041000700118082001000125090001600135100002100151245005000172260003600222300002300258650004100281INLIS00000000001811320241224115436241224||||||||| | ||| |||| || |  a978+979-29-2714-6 0010-1224018113 aid0 a633.8 a633.8 MAR c0 aMARULI PARDAMEAN00aCARA CERDAS MENGELOLA PERKEBUNAN KELAPA SAWIT aYogyakartabLilyPublisherc2011 axii+340hlm;16x23cm 0aPertanian & Teknologi Yang Berkaitan